The noble scholar, jurist, historian


 His Excellency Dr. Abdul Wahhab bin Ibrahim Abu Sulaiman, may Allah have mercy on him.


 He was born in Umm Al-Qura in the year 1356 AH.

صور فوتوغرافية من المملكة العربية السعودية شمال وغرب المملكة، 1325-1336 هـ (1907-1917 م) : (Record no. 13873)

MARC details
000 -LEADER
fixed length control field 01506cam a22002891i 4500
003 - CONTROL NUMBER IDENTIFIER
control field SA-RiAUC
005 - DATE AND TIME OF LATEST TRANSACTION
control field 20260104131126.0
008 - FIXED-LENGTH DATA ELEMENTS--GENERAL INFORMATION
fixed length control field 251130s2000 su o g 100 0 ara c
020 ## - INTERNATIONAL STANDARD BOOK NUMBER
International Standard Book Number 9960624587
040 ## - CATALOGING SOURCE
Original cataloging agency SA-JeALM
Language of cataloging ara
Transcribing agency SA-RiAUC
Description conventions rda
043 ## - GEOGRAPHIC AREA CODE
Geographic area code a-su---
082 04 - DEWEY DECIMAL CLASSIFICATION NUMBER
Classification number 953.10222
Assigning agency SA-RiAUC
090 ## - LOCALLY ASSIGNED LC-TYPE CALL NUMBER (OCLC); LOCAL CALL NUMBER (RLIN)
Classification number (OCLC) (R) ; Classification number, CALL (RLIN) (NR) 953.10222
Local cutter number (OCLC) ; Book number/undivided call number, CALL (RLIN) م ع ر
111 2# - MAIN ENTRY--MEETING NAME
Meeting name or jurisdiction name as entry element معرض صور فوتوغرافية من المملكة العربية السعودية
Location of meeting الرياض)
Date of meeting or treaty signing (1421 هجري :
245 10 - TITLE STATEMENT
Title صور فوتوغرافية من المملكة العربية السعودية شمال وغرب المملكة، 1325-1336 هـ (1907-1917 م) :
Remainder of title معرض تنظمه مكتبة الملك عبد العزيز العامة، الرياض محرم 1421 هـ.
264 #1 - PRODUCTION, PUBLICATION, DISTRIBUTION, MANUFACTURE, AND COPYRIGHT NOTICE
Place of production, publication, distribution, manufacture الرياض :
Name of producer, publisher, distributor, manufacturer مكتبة الملك عبد العزيز العامة،
Date of production, publication, distribution, manufacture, or copyright notice 2000
300 ## - PHYSICAL DESCRIPTION
Extent 95 صفحة :
Other physical details صور ؛
Dimensions 25 في 25 سم .
336 ## - CONTENT TYPE
Content type term نص
Content type code txt
Source rdacontent
Materials specified كتاب
337 ## - MEDIA TYPE
Media type term بدون وسيط
Media type code n
Source rdamedia
338 ## - CARRIER TYPE
Carrier type term مجلد
Carrier type code nc
Source rdacarrier
500 ## - GENERAL NOTE
General note اهداء من صالح الحويس الى الشيخ رحمه الله بتاريخ 1 / 4 / 1424 هـ
651 #7 - SUBJECT ADDED ENTRY--GEOGRAPHIC NAME
Geographic name السعودية
General subdivision تاريخ
Form subdivision صور فوتوغرافية
-- معارض
Source of heading or term aucsh
651 #7 - SUBJECT ADDED ENTRY--GEOGRAPHIC NAME
Geographic name السعودية
General subdivision وصف ورحلات
Form subdivision صور فوتوغرافية
-- معارض
Source of heading or term aucsh
710 2# - ADDED ENTRY--CORPORATE NAME
Corporate name or jurisdiction name as entry element مكتبة الملك عبد العزيز العامة
Relator term منظم.
942 ## - ADDED ENTRY ELEMENTS (KOHA)
Source of classification or shelving scheme Dewey Decimal Classification
Koha item type Books
Suppress in OPAC No
949 ## - LOCAL PROCESSING INFORMATION (OCLC)
a SA-JeALM
d 251130
u osman123
n 1
Holdings
Withdrawn status Lost status Source of classification or shelving scheme Damaged status Not for loan Collection Home library Current library Date acquired Total checkouts Full call number Barcode Date last seen Price effective from Koha item type
    Dewey Decimal Classification     اهداء DR AbdElwahab Library DR AbdElwahab Library 01/04/2026   953.10222 م ع ر 000022214 01/04/2026 01/04/2026 Books